| 000 | 02049nam1a2200337 i 4500 | ||
|---|---|---|---|
| 001 | v19\rc\1727511 | ||
| 005 | 20260406114938.0 | ||
| 035 | _a(NLR Aleph) 005247324 | ||
| 090 |
_a5767589 _c5767589 |
||
| 100 | _a20061002d1901 u y0rusy50 ca | ||
| 101 | 0 | _arus | |
| 102 | _aRU | ||
| 105 | _a z | ||
| 200 | 1 |
_aПолное собрание сочинений М. Ю. Лермонтова _eс портретом Лермонтова, его биографией и 41 отдельными картинами художника В. А. Полякова _eв двух томах _fпод редакцией В. В. Чуйко |
|
| 205 | _a2-е изд. | ||
| 210 |
_aСанкт-Петербург _aМосква _cиздание поставщиков Его Императорскаго Величества Товарищества М. О. Вольф _d[1901] |
||
| 215 | _d27 | ||
| 300 | _aГод изд. установлен по дате получения обязат. экз. | ||
| 316 |
_aЭкз. РНБ: т. 1-2 сплетены в один пер. ; с золотым тиснением на корешке: Сочинения / Лермонтов ; с суперэкслибрисом Имп. б-ки: изобр. герба и буквы "И. Б." _5NLR: 20.65.4.9 |
||
| 532 | 1 | 0 | _aПолное собрание сочинений Михаила Юрьевича Лермонтова |
| 700 | 1 |
_7ca _8rus _aЛермонтов _bМ. Ю. _cпоэт _f1814-1841 _gМихаил Юрьевич _9110383 _3RU\NLR\auth\77328 |
|
| 702 | 1 |
_4340 _7ca _8rus _aЧуйко _bВ. В. _f1839-1899 _gВладимир Викторович _943738 _3RU\NLR\AUTH\7760808 |
|
| 702 | 1 |
_4040 _7ca _8rus _aПоляков _bВ. А. _cхудожник _f19 в. _978727 _3RU\NLR\AUTH\7795801 |
|
| 801 | 0 |
_aRU _bNLR _c20061002 _gpsbo |
|
| 801 | 0 |
_aRU _bRuMoRGB _c20061002 _2psbo |
|
| 801 | 1 |
_aRU _bProSoft-M _c20061002 _2rusmarc |
|
| 801 | 2 |
_aRU _bNLR _c20120402 _2rusmarc |
|
| 852 |
_aNLR _j20.65.4.9 |
||
| 942 | _cBOOK | ||